[Event "Oberfranken-ch U16 0405"]
[Site "Schney"]
[Date "2005.01.03"]
[Round "5"]
[White "Stoecklein, Tony"]
[Black "Kolinsky, Karina"]
[Result "0-1"]
[WhiteElo "1096"]
[BlackElo "1301"]
[PlyCount "92"]
[EventDate "2005.01.02"]
[EventType "swiss"]
[EventRounds "7"]
[EventCountry "GER"]
[SourceTitle "EXT 2007"]
[Source "ChessBase"]
[SourceDate "2006.11.23"]
[SourceVersion "1"]
[SourceVersionDate "2006.11.23"]
[SourceQuality "1"]

1. c4 e5 2. d4 exd4 3. Qxd4 Nc6 4. Qd3 Nf6 5. e4 Nb4 6. Qe2 d6 7. Qd2 Nc6 8. Bd3 Qe7 9. Qe2 Nb4 10. Nc3 c6 11. a3 Nxd3+ 12. Qxd3 Be6 13. Nf3 d5 14. e5 dxc4 15. Qd4 Nd7 16. Ne4 Qd8 17. Nfg5 Bd5 18. e6 fxe6 19. Nd6+ Bxd6 20. Qxg7 Rf8 21. Nxh7 Rf7 22. Qg8+ Nf8 23. Bg5 Qa5+ 24. Ke2 Rxh7 25. h4 e5 26. Qxh7 Nxh7 27. Rad1 Nxg5 28. hxg5 0-0-0 29. Rh6 Bxg2 30. g6 Bf8 31. Rxd8+ Qxd8 32. g7 Bxg7 33. Rg6 Bf3+ 34. Kxf3 Qd3+ 35. Kg2 Qxg6+ 36. Kf1 Qc2 37. b4 e4 38. Kg2 Bd4 39. Kg3 Qxf2+ 40. Kg4 Qf3+ 41. Kg5 Kd7 42. b5 Ke6 43. bxc6 bxc6 44. a4 Qg3+ 45. Kh6 Kf6 46. Kh5 Qg5# 0-1